| 000 | 01027cam a2200313ua 4500 | ||
|---|---|---|---|
| 999 |
_c28658 _d28629 |
||
| 001 | 010054519 | ||
| 003 | EG-ScBUE | ||
| 005 | 20200906095537.0 | ||
| 008 | 850513s1984 enkak f 001 0 eng d | ||
| 020 | _a0333369785 (pbk) | ||
| 020 | _a9780333369784 | ||
| 040 |
_aUk _beng _erda _cUk _dEG-ScBUE |
||
| 043 | _ae-uk--- | ||
| 082 | 0 | 4 |
_a658.0220941 _bCLE _222 |
| 100 | 1 |
_aClegg, Gillian, _d1940- _eauthor. |
|
| 245 | 1 | 0 |
_aHow to start and run your own business / _cGillian Clegg and Colin Barrow. |
| 264 | 1 |
_aLondon ; _aBasingdtoke : _bMacmillan Press, _c1984. |
|
| 300 |
_axii, 253 pages : _billustrations, forms ; _c24 cm. |
||
| 336 |
_atext _2rdacontent _btxt |
||
| 337 |
_aunmediated _2rdamedia _bn |
||
| 338 |
_avolume _2rdacarrier _bnc |
||
| 490 | 0 | _aMacmillan reference books | |
| 500 | _aIncludes index. | ||
| 650 | 7 |
_aSmall business _zGreat Britain _xManagement. _2BUEsh |
|
| 653 |
_aGreat Britain _aCompanies _aOrganisation |
||
| 655 |
_vReading book _934232 |
||
| 700 | 1 |
_aBarrow, Colin, _eauthor. |
|
| 942 |
_2ddc _cBB |
||